00715 a2200157 4500003000500000005001700005040000900022082001100031100001800042245003900060260003500099300001000134505035800144538003100502650002400533Nust20170207153201.0 cNust a516.24 aHearley M.J.G aModern TrigonometrycHearley M.J.G aNew YorkbThomas Nelsonc1944. a168:p aUnits, Ratios, Angles (Page-9), Similar Triangles And Scale Drawing (Page-19), Trigonometrical Ratios (Page-30), Applications Of Trigonometrical Ratios To Plane Figures (Page-54), Applications To Other Branches Of Study (Page-83), Definitions Of The Ratios For All Angles (Page-101), The Solution Of Triangles (Page-124), Mathematical Tables (Page-148). aAlmirah No. 14 Shelf No. 1 aModern Trigonometry